| 000 | 00873cab a22002175a 4500 | ||
|---|---|---|---|
| 001 | L152332 | ||
| 008 | 110223e20110129xxk 000 0 eng d | ||
| 035 | _a(Sirsi) u152332 | ||
| 041 | 0 | _aeng | |
| 100 | 1 | _aQuinn, David | |
| 245 | 0 | 0 |
_aFocus _hEssex |
| 260 | _c2011 | ||
| 490 |
_aEstates Gazette _v(1104) 29 January 2011, 63-75(8) |
||
| 520 | _aFeatures Basildon's £1bn regeneration plan which is now going ahead with developer Barratt/Wilson Bowden and the challenges associated with Essex joining with Kent and East Sussex to form the country's largest Local Enterprise Partnership. With figures giving information about office and industrial take-ups and availability. | ||
| 590 | _aKA | ||
| 651 | 4 |
_aUnited Kingdom _y |
|
| 690 | _aPROPERTY-COMMERCIAL PROPERTY-COMMERCIAL PROPERTY MARKET | ||
| 700 | 1 | _aDay, Karen | |
| 700 | 1 | _aCunningham, Daniel | |
| 942 | _n0 | ||
| 999 |
_c82940 _d82940 |
||